000 01195nam a2200265Ia 4500
999 _c39971
_d39971
001 6577
003 GE_BSU
005 20191018153936.0
008 181216s1987||||ge |||||||||||||| ||geo||
040 _cGE_BSU
041 _ageo
080 _a821.353.1-31 ბ-65
100 _aბიბილური, თამაზ
_94829
245 _aჟამი კითხულისა ; ჩივილი ; შვიდი ხმისა და ტოროლასათვის /
_cთამაზ ბიბილური ; რედ. ნ. ინასარიძე ; მხატვ. კ. ფაჩულია.
264 _aთბილისი :
_bსაბჭ.საქართველო ;
_c1987.
300 _a716 გვ. ;
_c20 სმ.
653 _aჟამი კითხულისა
653 _aრომანი
653 _aჩივილი
653 _aშვიდი ხმისა და ტოროლასათვის
653 _aმოთხრობა
700 _aინასარიძე, ნ.
_eრედაქტორი
_91193
700 _aფაჩულია, კ.
_eმხატვარი
_94831
942 _cBK
_2udc